ARRUPE JESUIT UNIVERSITY

CORONAVIRUS -STOP THE SPREAD - CLEAN,DISINFECT,COVER

Theology of a classles society (Record no. 130016)

MARC details
000 -LEADER
fixed length control field 00522nam a22001577a 4500
008 - FIXED-LENGTH DATA ELEMENTS--GENERAL INFORMATION
fixed length control field 191113b ||||| |||| 00| 0 eng d
020 ## - INTERNATIONAL STANDARD BOOK NUMBER
International Standard Book Number 0 7188 2415 6
050 ## - LIBRARY OF CONGRESS CALL NUMBER
Classification number BT738.G365
100 ## - MAIN ENTRY--PERSONAL NAME
Personal name Osthathios, Geervarghese Mar
9 (RLIN) 48637
245 ## - TITLE STATEMENT
Title Theology of a classles society
Statement of responsibility, etc Geervarghese Mar Osthathios
260 ## - PUBLICATION, DISTRIBUTION, ETC. (IMPRINT)
Place of publication, distribution, etc Guildford:
Name of publisher, distributor, etc Lutterworth Press,
Date of publication, distribution, etc 1980
300 ## - PHYSICAL DESCRIPTION
Extent 159p. ;
Dimensions 23cm.
650 ## - SUBJECT ADDED ENTRY--TOPICAL TERM
Topical term or geographic name as entry element Christian sociology
9 (RLIN) 48638
650 ## - SUBJECT ADDED ENTRY--TOPICAL TERM
Topical term or geographic name as entry element Social classes
General subdivision moral and ethical aspects
9 (RLIN) 48639
942 ## - ADDED ENTRY ELEMENTS (KOHA)
Source of classification or shelving scheme Library of Congress Classification
Item type Monograph ( Printed materials)
Holdings
Withdrawn status Lost status Source of classification or shelving scheme Damaged status Not for loan Collection code Home library Current library Shelving location Date acquired Total Checkouts Full call number Barcode Date last seen Price effective from Koha item type
    Library of Congress Classification     Main Collection ARRUPE LIBRARY ARRUPE LIBRARY Main Collection 13/11/2019   BT738.G365 46600005821 13/11/2019 13/11/2019 Monograph ( Printed materials)

 

Arrupe Library. PO Box MP320 Mt Pleasant, Harare, Zimbabwe
263 242 745411|librarian@aju.ac.zw